| 000 | 00869cam a2200277Mi 4500 | ||
|---|---|---|---|
| 001 | 85034 | ||
| 005 | 20230411090043.0 | ||
| 008 | 070910s2007 ck 000 0 spa d | ||
| 035 | _a(OCoLC)ocn255924972 | ||
| 040 |
_aGyGoGBV _erakwb _bger _cGBVCP |
||
| 020 | _a9789584500342 | ||
| 020 | _a9584500341 | ||
| 035 | _a(OCoLC)255924972 | ||
| 049 | _aGRAL | ||
| 100 | 1 |
_aOcampo, José Antonio, _d1952- |
|
| 245 | 1 | 0 |
_aCrisis mundial, protección e industrialización / _cJosé Antonio Ocampo y Santiago Montenegro. |
| 250 | _aEd. ampl. y corr. | ||
| 260 |
_aBogotá [u.a.] : _bGrupo Ed. Norma, _c2007. |
||
| 300 |
_a383 S. : _bgraph. Darst. |
||
| 440 | 0 | _aColección vitral | |
| 650 | 4 | _aWirtschaftsgeschichte / Industrialisierung / Protektionismus / Kolumbien. | |
| 700 | 1 | _aMontenegro, Santiago. | |
| 942 |
_2lcc _cbk |
||
| 994 |
_aC0 _bDRFGD |
||
| 946 | _almm | ||
| 999 |
_c111658 _d111658 |
||